La comunidad y sus actores: hacia un proyecto de mejor ciudadanía, intensidad participativa y fortalecimiento de los valores sociales

Uloženo v:
Podrobná bibliografie
Hlavní autor: Mendicoa, Gloria Edel (autora)
Médium: Kniha
Jazyk:španělština
Vydáno: Buenos Aires Espacio 2011
Vydání:1a. ed
Edice:Colección Ciencias Sociales
Témata:
Tagy: Přidat tag
Žádné tagy, Buďte první, kdo vytvoří štítek k tomuto záznamu!

MARC

LEADER 00000cam a2200000 a 4500
001 UCF7812
003 CL-VaPUC
008 130711e20110000AG |||||||||||||||||spa|d
020 |a 9789508023339 
082 0 4 |a 301  |b MEN  |2 21 
100 |a Mendicoa, Gloria Edel  |e autora  |9 576993 
245 1 3 |a La comunidad y sus actores: hacia un proyecto de mejor ciudadanía, intensidad participativa y fortalecimiento de los valores sociales 
250 |a 1a. ed 
300 |a 253 p 
942 |c BK 
945 |d 20130711 00:00:00  |a cmena 
260 |a Buenos Aires  |b Espacio  |c 2011 
650 0 |a Sociología   |9 255410 
650 0 |a Ciudadanía  |9 258339 
650 0 |a Participación social  |9 256140 
650 0 |a Valores sociales  |9 309627 
583 |a last modification  |c 20130711 11:26:00  |k Rodrigo Vera 
490 0 |a Colección Ciencias Sociales 
999 |c 352574  |d 352572 
952 |0 0  |1 0  |4 0  |6 301_000000000000000_MEN_2011  |7 0  |8 A  |9 457137  |a BIBGIM  |b BIBGIM  |d 2019-11-22  |i 4988094  |o 301 MEN 2011  |p 4988094  |r 2025-01-15  |w 2019-11-22  |y BK  |k SSL